000 00898nam a2200289Ia 4500
005 20260324142949.0
008 008 260324s9999 xx 000 0 eng d
020 _a9781315488455
037 _aEBOOK
040 _aCRL
040 _beng
040 _cCRL
041 _2eng
041 _aeng
084 _qCRL
100 _aTigran Martirosyan; S. Frederick Starr; Silvia Maretti
_91213890
245 0 _aScholars' Guide to Humanities and Social Sciences in the Soviet Union and the Baltic States
245 4 _bThe Academies of Sciences of Russia, Ukraine, Belorussia, Moldova, the Transcaucasian and Central Asian Republics and Estonia, Latvia and Lithuania
260 _bTaylor and Francis
260 _c1993
365 _a
365 _b255
856 _uhttp://www.taylorfrancis.com/books/9781315488455
942 _cEBOOK
999 _c1818713
_d1818713